Knižničný poriadok Ústrednej Ekonomickej knižnice v Bratislave.
Uložené v:
| Médium: | Kniha |
|---|---|
| Jazyk: | Slovak |
| Vydané: |
Bratislava :
Ústredná ekonomická knižnica,
1961.
|
| Vydanie: | 1. vyd. |
| ISBN: |
(brož.) |
| Fyzický popis: |
10 s. |
| Tagy: |
Pridať tag
Žiadne tagy, Buďte prvý kto otaguje tento záznam!
|
Titul je dostupný aj v ... 

MARC
| LEADER | 00000nam a22000004a 4500 | ||
|---|---|---|---|
| 001 | 000443721 | ||
| 005 | 20131114134913.0 | ||
| 008 | 131114 1961 xo e slo d | ||
| 020 | |a (brož.) |c Kčs 1,00 | ||
| 040 | |a SVKKK |b slo |c SVKKK |e AACR2 | ||
| 041 | 0 | |a slo | |
| 044 | |a xo |c SK | ||
| 245 | 0 | 0 | |a Knižničný poriadok Ústrednej Ekonomickej knižnice v Bratislave. |
| 250 | |a 1. vyd. | ||
| 260 | |a Bratislava : |b Ústredná ekonomická knižnica, |c 1961. | ||
| 300 | |a 10 s. | ||
| 910 | |a svkkk | ||
| 998 | |a BK | ||
| 090 | |g SCKHL |k Sklad Hlavná 10 suterén |a I.25648 |j 279132 |i 443721-10 |4 Strata |s Vyradená | ||